00900 2200325 4500001002100000005001500021035002000036007000300056008004100059040001700100100001600117245009400133250001100227300003400238041000800272082001200280084001800292090002000310260003300330600001200363700002100375850001000396020002200406504002500428990002400453990002400477990002400501990002400525990002500549INLIS00000000000198520260603120148 a0010-0120000428ta260603 0  aSBPUPADbInd0 aAbdul Kadir1 aDasar Pemrograman Internet untuk Proyek Berbasis Arduino /cAbdul Kadir; Editor: Giovanny a.-Ed.1 av, 232 hlm. :bilus. ;c28 cm0 aInd a621.381 a621.381 ABD d a746 WIN s T15-4 a.--Yogyakarta :bAndi,c2018 4aProgram0 aEditor: Giovanny aPUPAD a978-979-29-6598-8 aBibliografi, hlm 233 a33.654/DAK/DPK/2019 a33.652/DAK/DPK/2019 a33.653/DAK/DPK/2019 a33.651/DAK/DPK/2019 a33.654./DAK/DPK/2019